[Event "29th Avoine Open 2014"]
[Site "Avoine FRA"]
[Date "2014.07.19"]
[Round "1.1"]
[White "Delalande, Thierry"]
[Black "Greenfeld, Alon"]
[Result "0-1"]
[BlackTitle "GM"]
[WhiteElo "2077"]
[BlackElo "2540"]
[WhiteFideId "610119"]
[BlackFideId "2800039"]
[EventDate "2014.07.19"]

1. d4 Nf6 2. c4 g6 3. Nc3 d5 4. cxd5 Nxd5 5. e4 Nxc3 6. bxc3 Bg7 7. Nf3 c5 8.
Be3 O-O 9. Qd2 Bg4 10. Be2 Qa5 11. Rc1 e6 12. d5 exd5 13. exd5 Nd7 14. c4 Qxd2+
15. Kxd2 Nf6 16. h3 Ne4+ 17. Ke1 Bf5 18. g4 Bd7 19. Bd3 Rae8 20. Bxe4 Rxe4 21.
Kd2 b6 22. Ng5 Re7 23. Rhg1 f6 24. Nf3 f5 25. gxf5 Rxf5 26. Nh2 Rxe3 27. Kxe3
Bd4+ 0-1

[Event "29th Avoine Open 2014"]
[Site "Avoine FRA"]
[Date "2014.07.19"]
[Round "1.2"]
[White "Lagarde, Maxime"]
[Black "Heurtebize, Christophe"]
[Result "1-0"]
[WhiteTitle "GM"]
[WhiteElo "2521"]
[BlackElo "2067"]
[WhiteFideId "662399"]
[BlackFideId "610607"]
[EventDate "2014.07.19"]

1. e4 c5 2. Nf3 e6 3. d4 cxd4 4. Nxd4 a6 5. Nc3 Qc7 6. f4 d6 7. Bd3 Nf6 8. g4 h6
9. Qe2 Be7 10. a4 Bd7 11. e5 dxe5 12. fxe5 Nd5 13. Nxd5 Bh4+ 14. Kd1 Qc5 15. Nf3
Qxd5 16. c4 Qa5 17. Nxh4 Bxa4+ 18. Rxa4 Qxa4+ 19. Qc2 Qa5 20. Qc3 Qc7 21. Kc2
Nc6 22. Nf3 a5 23. Kb1 Nb4 24. Be4 Rc8 25. b3 b5 26. Nd4 Qxe5 27. Re1 Qxh2 28.
Re2 Qb8 29. Nxe6 Rg8 30. Nxg7+ Kf8 31. Bxh6 Qb6 32. Nf5+ Ke8 33. Bc6+ Kd8 34.
Qf6+ Kc7 35. Bf4# 1-0

[Event "29th Avoine Open 2014"]
[Site "Avoine FRA"]
[Date "2014.07.19"]
[Round "1.3"]
[White "Fruteau, Sabine"]
[Black "Castellanos Rodriguez, Renier"]
[Result "0-1"]
[WhiteTitle "WFM"]
[BlackTitle "IM"]
[WhiteElo "2065"]
[BlackElo "2479"]
[WhiteFideId "601942"]
[BlackFideId "3404650"]
[EventDate "2014.07.19"]

1. e4 c5 2. Nf3 e6 3. d4 cxd4 4. Nxd4 a6 5. c4 Nf6 6. Nc3 Qc7 7. Be2 b6 8. Be3
Bb7 9. f3 Be7 10. O-O O-O 11. Nb3 d6 12. Qe1 Nbd7 13. Qf2 Rac8 14. Rfc1 Rfe8 15.
Nd2 Qb8 16. a3 Bd8 17. b4 d5 18. c5 bxc5 19. bxc5 Be7 20. exd5 Nxc5 21. dxe6
Nxe6 22. Nc4 Nf4 23. Bf1 N6d5 24. Nxd5 Nxd5 25. Bd4 Qf4 26. g3 Qh6 27. Rd1 Bf8
28. Rab1 Ba8 29. Qd2 Qh5 30. Rb3 Bc6 31. Nb6 Nxb6 32. Rxb6 Bxf3 33. Rdb1 Rcd8
34. Qf2 Rxd4 0-1

[Event "29th Avoine Open 2014"]
[Site "Avoine FRA"]
[Date "2014.07.19"]
[Round "1.4"]
[White "Filip, Lucian"]
[Black "Lukasiewicz, Anna"]
[Result "1-0"]
[WhiteTitle "IM"]
[WhiteElo "2458"]
[BlackElo "2062"]
[WhiteFideId "1208900"]
[BlackFideId "1104756"]
[EventDate "2014.07.19"]

1. Nf3 d5 2. c4 c6 3. d4 Nf6 4. Nc3 g6 5. e3 Bg7 6. Be2 O-O 7. O-O Nbd7 8. cxd5
cxd5 9. a4 b6 10. b4 Bb7 11. Qb3 a6 12. Ba3 Re8 13. Rac1 Rc8 14. Rc2 e5 15. Nxe5
Nxe5 16. dxe5 Rxe5 17. Rd1 Qe8 18. b5 a5 19. Bf3 Qe6 20. Ne2 Ne4 21. Bxe4 Rxe4
22. Nf4 Qe8 23. Rxc8 Qxc8 24. Nxd5 Qd8 25. Ne7+ 1-0

[Event "29th Avoine Open 2014"]
[Site "Avoine FRA"]
[Date "2014.07.19"]
[Round "1.5"]
[White "Lebret, Jean-Michel"]
[Black "Sochacki, Christophe"]
[Result "0-1"]
[BlackTitle "IM"]
[WhiteElo "2059"]
[BlackElo "2449"]
[WhiteFideId "602094"]
[BlackFideId "662569"]
[EventDate "2014.07.19"]

1. e4 g6 2. d4 Nf6 3. Nc3 d5 4. exd5 Nxd5 5. Nxd5 Qxd5 6. Nf3 Bg7 7. Be3 O-O 8.
Be2 c5 9. O-O Bf5 10. c3 cxd4 11. Nxd4 Be4 12. Nb5 Qxd1 13. Rfxd1 Nc6 14. f3 Bf5
15. Nd4 Bd7 16. Nb3 Rad8 17. Rd2 Be6 18. Rad1 b6 19. Bb5 Rxd2 20. Rxd2 Ne5 21.
Bd4 a6 22. Bf1 Rb8 23. Re2 Nc6 24. Bxg7 Kxg7 25. Rd2 a5 26. Bb5 Ne5 27. Nc1 Kf8
28. b3 a4 29. f4 Ng4 30. Bd7 Rd8 31. Bxe6 Rxd2 32. Bxg4 Rxa2 0-1

[Event "29th Avoine Open 2014"]
[Site "Avoine FRA"]
[Date "2014.07.19"]
[Round "1.6"]
[White "Colin, Vincent"]
[Black "Antoine, Jean-Luc"]
[Result "1-0"]
[WhiteTitle "IM"]
[WhiteElo "2435"]
[BlackElo "2058"]
[WhiteFideId "612324"]
[BlackFideId "633070"]
[EventDate "2014.07.19"]

1. e4 c5 2. c3 d5 3. exd5 Qxd5 4. d4 Nc6 5. Nf3 e6 6. Bd3 Nf6 7. O-O Be7 8. c4
Qd8 9. dxc5 Bxc5 10. a3 O-O 11. Nc3 a6 12. Bg5 h6 13. Bh4 Be7 14. Qe2 Nh5 15.
Bxe7 Qxe7 16. Qe3 Bd7 17. Rfd1 Rad8 18. Qb6 Bc8 19. Be4 Nb8 20. b4 Nf6 21. Bc2
Nc6 22. Ba4 Nd7 23. Qe3 Ncb8 24. Nd5 Qe8 25. Nf6+ gxf6 26. Rd4 1-0

[Event "29th Avoine Open 2014"]
[Site "Avoine FRA"]
[Date "2014.07.19"]
[Round "1.7"]
[White "Flick, Antoine"]
[Black "Vedmediuc, Serghei"]
[Result "0-1"]
[BlackTitle "IM"]
[WhiteElo "2056"]
[BlackElo "2430"]
[WhiteFideId "26025736"]
[BlackFideId "13900790"]
[EventDate "2014.07.19"]

1. d4 g6 2. Nf3 Bg7 3. g3 Nf6 4. Bg2 O-O 5. O-O d6 6. c4 Nbd7 7. Nc3 e5 8. h3
Re8 9. e4 exd4 10. Nxd4 a6 11. Be3 Rb8 12. Rc1 Ne5 13. Qe2 c5 14. Nc2 b5 15.
cxb5 axb5 16. b4 Be6 17. Rfd1 Bc4 18. Qd2 Nd3 19. Rb1 Nd7 20. bxc5 b4 21. Nd5
dxc5 22. Ne1 Nxe1 23. Rxe1 Qa5 24. Rbc1 Qxa2 25. Rc2 Qb3 26. Bf4 Bxd5 27. Bxb8
Bc3 28. Rxc3 bxc3 29. Qc1 Qxb8 30. exd5 Rxe1+ 31. Qxe1 Qb2 32. Qe8+ Kg7 33. Be4
Qe2 0-1

[Event "29th Avoine Open 2014"]
[Site "Avoine FRA"]
[Date "2014.07.19"]
[Round "1.8"]
[White "Haub, Thorsten Michael"]
[Black "Lefebvre, Pierre"]
[Result "1/2-1/2"]
[WhiteTitle "IM"]
[WhiteElo "2429"]
[BlackElo "2050"]
[WhiteFideId "4610776"]
[BlackFideId "632791"]
[EventDate "2014.07.19"]

1. Nf3 d5 2. g3 Nf6 3. Bg2 c5 4. d3 Nc6 5. Nbd2 e6 6. O-O Be7 7. e4 dxe4 8. dxe4
O-O 9. Qe2 Qc7 10. c3 b6 11. Re1 a5 12. a4 Ba6 13. Nc4 Rad8 14. Bf4 Qa7 15. Nfd2
e5 16. Be3 Ne8 17. Bf1 Nd6 18. Qf3 h6 19. Nxd6 Rxd6 20. Nc4 Bxc4 21. Bxc4 Bg5
22. Bxg5 hxg5 23. Qg4 Qe7 24. Re3 Nd8 25. Rf3 g6 26. Bd5 Kg7 27. Rd3 Ne6 28.
Rad1 Rfd8 29. Qe2 Nc7 30. b3 Ne8 31. Kg2 Qd7 32. Qe3 Qe7 33. h4 gxh4 34. Rh1 g5
35. Qd2 Rg6 36. c4 Nc7 1/2-1/2

[Event "29th Avoine Open 2014"]
[Site "Avoine FRA"]
[Date "2014.07.19"]
[Round "1.9"]
[White "Monpeurt, Cyrielle"]
[Black "Inkiov, Ventzislav"]
[Result "0-1"]
[BlackTitle "GM"]
[WhiteElo "2045"]
[BlackElo "2428"]
[WhiteFideId "677400"]
[BlackFideId "2900033"]
[EventDate "2014.07.19"]

1. e4 c5 2. Nf3 d6 3. d4 cxd4 4. Nxd4 Nf6 5. Nc3 Nc6 6. Bg5 e6 7. Qd2 Be7 8.
O-O-O O-O 9. f3 d5 10. Qe1 Nxd4 11. Rxd4 e5 12. Rd1 d4 13. Ne2 Be6 14. Kb1 Qb6
15. Nc1 Rfe8 16. h4 a5 17. g4 a4 18. Nd3 Ra5 19. Ka1 Rb5 20. Bc1 Qc6 21. Rh2 Qc4
22. b3 axb3 23. Nb2 Qc5 24. Bxb5 Qxb5 25. cxb3 Ra8 26. Kb1 Bb4 27. Qe2 Qa5 28.
Nc4 Qa7 29. Rd3 Nd7 30. f4 Bxc4 31. bxc4 Nc5 32. fxe5 Bc3 33. Rxc3 dxc3 34. Be3
Qb6+ 35. Kc1 Nb3+ 36. Kd1 c2+ 37. Qxc2 Qxe3 38. Qxb3 Qg1+ 0-1

[Event "29th Avoine Open 2014"]
[Site "Avoine FRA"]
[Date "2014.07.19"]
[Round "1.10"]
[White "Song, Julien"]
[Black "Rodon, Gurvan"]
[Result "1/2-1/2"]
[WhiteTitle "IM"]
[WhiteElo "2417"]
[BlackElo "2039"]
[WhiteFideId "659487"]
[BlackFideId "619256"]
[EventDate "2014.07.19"]

1. d4 Nf6 2. c4 e6 3. Nf3 d5 4. g3 Bb4+ 5. Nbd2 O-O 6. Bg2 b6 7. O-O Bb7 8. cxd5
Bxd5 9. a3 Be7 10. Qc2 c5 11. e4 Bb7 12. dxc5 Bxc5 13. b4 Be7 14. e5 Nd5 15. Bb2
a5 16. bxa5 Rxa5 17. Nb3 Ra7 18. Nfd4 Qd7 19. Rfd1 Na6 20. Qd2 Nc5 21. Nxc5 Bxc5
22. Nb3 Be7 23. Nd4 Rfa8 24. Nc2 Bc6 25. Ne3 Bxa3 26. Bxd5 Bxd5 27. Nxd5 exd5
28. Qxd5 Qxd5 29. Rxd5 g6 30. Bd4 Bc5 31. Rxa7 Rxa7 32. Bxc5 bxc5 33. Rxc5 h5
34. Kg2 Ra4 35. Rc6 h4 36. Kh3 hxg3 37. hxg3 Re4 38. f4 g5 39. f5 g4+ 40. Kh4
Rxe5 41. Kxg4 Kg7 42. Kg5 Ra5 43. g4 Rb5 44. Kh5 Ra5 45. Rc4 Rb5 46. Rf4 f6 47.
Ra4 Rb7 48. Ra6 Rc7 49. g5 fxg5 50. Kxg5 Kf7 51. Rh6 Rc1 52. Rh7+ Kg8 53. Re7
Rc6 54. Re6 Rc1 55. Kg6 Kf8 56. Ra6 Rf1 57. Ra8+ Ke7 58. Ra7+ Kf8 59. Rf7+ Kg8
60. Rg7+ Kf8 61. Rb7 Rf2 62. Kf6 Kg8 63. Rb8+ Kh7 64. Re8 Rf1 65. Re5 Kg8 66.
Ra5 Rf2 67. Ra8+ Kh7 68. Ke6 Kg7 1/2-1/2

[Event "29th Avoine Open 2014"]
[Site "Avoine FRA"]
[Date "2014.07.19"]
[Round "1.11"]
[White "Secouard, Stephane"]
[Black "Godart, Francois"]
[Result "0-1"]
[BlackTitle "FM"]
[WhiteElo "2038"]
[BlackElo "2399"]
[WhiteFideId "618080"]
[BlackFideId "208078"]
[EventDate "2014.07.19"]

1. e4 e6 2. d3 d5 3. Nd2 Nf6 4. Ngf3 c5 5. g3 Nc6 6. Bg2 Be7 7. O-O O-O 8. Re1
dxe4 9. Nxe4 Nxe4 10. Rxe4 b6 11. h4 Bb7 12. Ng5 h6 13. Nh3 e5 14. Rg4 Qd6 15.
h5 Rad8 16. Be3 Bc8 17. Ra4 b5 18. Ra3 c4 19. Qc1 Qf6 20. dxc4 Bxa3 21. cxb5
Bxb2 22. Qxb2 Nd4 23. f4 exf4 24. Bxd4 Rxd4 25. c3 Rd3 26. Nxf4 Rxg3 27. Nd5 Qg5
28. Qf2 Bh3 29. Nf4 Bxg2 30. Nxg2 Rd8 31. Rf1 Rd2 32. Qxf7+ Kh7 33. Qg6+ Qxg6
34. hxg6+ Kxg6 0-1

[Event "29th Avoine Open 2014"]
[Site "Avoine FRA"]
[Date "2014.07.19"]
[Round "1.12"]
[White "Okhotnik, Vladimir"]
[Black "Maloberti, David"]
[Result "0-1"]
[WhiteTitle "GM"]
[WhiteElo "2396"]
[BlackElo "2037"]
[WhiteFideId "14101289"]
[BlackFideId "620149"]
[EventDate "2014.07.19"]

1. d4 f5 2. g3 Nf6 3. Bg2 d6 4. Nf3 e6 5. O-O Be7 6. c4 O-O 7. Nc3 Qe8 8. b3 c6
9. Bb2 d5 10. e3 Nbd7 11. Ne2 Bd6 12. Nf4 Ne4 13. Nd3 Qh5 14. Nfe5 Qxd1 15.
Raxd1 Nxe5 16. Nxe5 Nf6 17. f3 Bd7 18. e4 Be8 19. exf5 exf5 20. Rfe1 Bf7 21. h3
Rfe8 22. g4 Be6 23. Bf1 a6 24. c5 Bc7 25. b4 Nd7 26. Nd3 fxg4 27. hxg4 Bf7 28.
a4 Bg3 29. Rxe8+ Rxe8 30. b5 axb5 31. axb5 h5 32. g5 cxb5 33. Nb4 Re3 34. Bxb5
Nf8 35. Bd3 h4 36. Kg2 Ng6 37. Bxg6 Re2+ 38. Kg1 Bxg6 39. Bc3 h3 40. Nxd5 Bh5
41. Rf1 Rg2+ 42. Kh1 Bf2 43. Ra1 Bxf3 44. c6 Bxd5 45. cxb7 Bxb7 46. d5 Bxd5 47.
g6 Bg3 0-1

[Event "29th Avoine Open 2014"]
[Site "Avoine FRA"]
[Date "2014.07.19"]
[Round "1.13"]
[White "Amarger, Vincent"]
[Black "Manea, Alexandru"]
[Result "1/2-1/2"]
[BlackTitle "IM"]
[WhiteElo "2035"]
[BlackElo "2373"]
[WhiteFideId "646849"]
[BlackFideId "1207660"]
[EventDate "2014.07.19"]

1. e4 g6 2. d4 Bg7 3. Nf3 d6 4. c4 Bg4 5. Be2 Nd7 6. Nc3 e5 7. d5 a5 8. h3 Bxf3
9. Bxf3 h5 10. Be3 Bh6 11. Qd2 Nc5 12. O-O-O Bxe3 13. Qxe3 Qe7 14. Rde1 Nf6 15.
Bd1 Kf8 16. Bc2 Kg7 17. h4 Raf8 18. f3 Rh7 19. g3 Re8 20. b3 Rhh8 21. Kb2 Rb8
22. a3 c6 23. Ka2 b5 24. dxc6 bxc4 25. bxc4 Qc7 26. Nd5 Qxc6 27. Rb1 Ne6 28. Bd3
Nd4 29. Ne7 Qd7 30. Nf5+ Nxf5 1/2-1/2

[Event "29th Avoine Open 2014"]
[Site "Avoine FRA"]
[Date "2014.07.19"]
[Round "1.14"]
[White "Petre, Nad-Titus"]
[Black "Sobry, Sebastien"]
[Result "1-0"]
[WhiteTitle "IM"]
[WhiteElo "2371"]
[BlackElo "2033"]
[WhiteFideId "1204165"]
[BlackFideId "622516"]
[EventDate "2014.07.19"]

1. d4 Nf6 2. Nc3 d5 3. Bf4 c6 4. e3 Bf5 5. Be2 h5 6. Nf3 g6 7. O-O Ne4 8. Nxe4
dxe4 9. Nd2 Nd7 10. c3 e5 11. Bxe5 Nxe5 12. dxe5 Qc7 13. Nc4 Rd8 14. Qb3 b5 15.
Nd6+ Bxd6 16. exd6 Rxd6 17. Rfd1 Rxd1+ 18. Rxd1 Bg4 19. Qc2 Bxe2 20. Qxe2 Ke7
21. Rd4 f5 22. h3 Rd8 23. b4 h4 24. Qe1 g5 25. Qd1 Rxd4 26. cxd4 Ke6 27. Qb3+
Kf6 28. Qc3 Ke6 29. a3 Qd6 30. Qc2 Qd5 31. Qd1 Qa2 32. Qh5 Qxa3 33. Qg6+ Kd5 34.
Qf7+ Kd6 35. Qxf5 a5 36. Qc5+ Kd7 37. Qa7+ Kd6 38. bxa5 b4 39. Qc5+ Kd7 40. Kh2
Qa4 41. a6 b3 42. Qa7+ Ke6 43. Qb8 Qxa6 44. Qxb3+ Ke7 45. Qc2 Kd6 46. Qc5+ 1-0

[Event "29th Avoine Open 2014"]
[Site "Avoine FRA"]
[Date "2014.07.19"]
[Round "1.15"]
[White "Bodicker, Rob"]
[Black "Bujisho, Benjamin"]
[Result "0-1"]
[BlackTitle "IM"]
[WhiteElo "2031"]
[BlackElo "2367"]
[WhiteFideId "1003542"]
[BlackFideId "608610"]
[EventDate "2014.07.19"]

1. d4 Nf6 2. c4 g6 3. Nc3 Bg7 4. e4 d6 5. Nge2 O-O 6. Ng3 c5 7. d5 e6 8. Be2
exd5 9. cxd5 a6 10. a4 Nbd7 11. O-O Re8 12. Re1 h5 13. f3 h4 14. Nf1 Nh5 15. g4
hxg3 16. hxg3 Bd4+ 17. Kg2 Ne5 18. Bh6 Qd7 19. g4 Qe7 20. Qd2 Qh4 21. Nd1 Nxf3
22. Bxf3 Bxg4 23. Nf2 Bxf2 24. Qxf2 Qh3+ 25. Kg1 Bxf3 26. Nh2 Bxe4 27. Ra3 Qf5
28. Qh4 Bxd5 29. Rae3 Rxe3 30. Rxe3 Qb1+ 31. Re1 Qxb2 0-1

[Event "29th Avoine Open 2014"]
[Site "Avoine FRA"]
[Date "2014.07.19"]
[Round "1.16"]
[White "Shirazi, Kamran"]
[Black "Bernard, Alien"]
[Result "1-0"]
[WhiteTitle "IM"]
[WhiteElo "2363"]
[BlackElo "2027"]
[WhiteFideId "2000733"]
[BlackFideId "678465"]
[EventDate "2014.07.19"]

1. e4 g6 2. h4 d5 3. exd5 Nf6 4. h5 Nxh5 5. Rxh5 gxh5 6. Qxh5 Qd6 7. Nc3 Bg7 8.
Nf3 Qg6 9. Qh2 Qd6 10. Qh4 Bd7 11. d4 Na6 12. Bf4 Qb6 13. O-O-O Bf6 14. Qh5
O-O-O 15. Ne5 Bxe5 16. Qxe5 Rde8 17. Bxa6 bxa6 18. Rd3 f6 19. Qh5 Rhg8 20. g3
Bg4 21. Qxh7 Rh8 22. Qe4 f5 23. Qe1 e6 24. f3 exd5 25. Be5 Qh6+ 26. Qe3 Qxe3+
27. Rxe3 Rh1+ 28. Kd2 Bh3 29. Nxd5 Re6 30. Rc3 c6 31. Nf4 Rh6 32. Rb3 Rh2+ 33.
Ke3 Rxc2 34. Nd3 Bf1 35. Rb8+ Kd7 36. Nc5+ Rxc5 37. dxc5 Ke6 38. Kf4 Kd5 39.
Rd8+ Kxc5 40. Kxf5 Be2 41. Ke4 Rh1 42. b3 Rf1 43. Bd6+ 1-0

[Event "29th Avoine Open 2014"]
[Site "Avoine FRA"]
[Date "2014.07.19"]
[Round "1.17"]
[White "Leharanger, Guillaume"]
[Black "Bon, Michael"]
[Result "0-1"]
[BlackTitle "FM"]
[WhiteElo "2026"]
[BlackElo "2353"]
[WhiteFideId "26023873"]
[BlackFideId "620696"]
[EventDate "2014.07.19"]

1. Nf3 Nc6 2. g3 e5 3. d3 g6 4. Bg2 Bg7 5. O-O Nge7 6. e4 O-O 7. Qe2 h6 8. Nbd2
d6 9. c3 Be6 10. h3 Qd7 11. Kh2 Rad8 12. b4 f5 13. Bb2 Rf7 14. Rad1 fxe4 15.
dxe4 Bxa2 16. Ra1 Be6 17. b5 Nb8 18. Rxa7 c6 19. c4 Nc8 20. Raa1 Nb6 21. Rad1
Na4 22. Ba1 Qc8 23. Rc1 Rc7 24. b6 Rcd7 25. Rfd1 c5 26. Bc3 Nc6 27. Qd3 Nxb6 28.
Nh4 Kh7 29. f4 exf4 30. gxf4 Nd4 31. Ba5 Na4 32. Bxd8 Qxd8 33. Nxg6 Nb2 34. Qf1
Nxd1 35. Rxd1 Kxg6 36. f5+ Nxf5 37. exf5+ Bxf5 38. Nf3 Kh7 39. Rd5 Bg6 40. Qd1
Qf6 41. Rxc5 Qf4+ 42. Kh1 dxc5 43. Qxd7 Qc1+ 44. Kh2 Qxc4 45. Qxb7 Qf4+ 46. Kh1
c4 47. Qb4 Qc1+ 48. Qe1 Qf4 49. Qb4 Kh8 50. Nd2 Be5 51. Nf3 c3 52. Qxf4 Bxf4 53.
Nd4 Be3 54. Ne2 c2 55. Bd5 Bd3 56. Bb3 Be4+ 57. Kh2 Kg7 58. Kg3 Kf6 59. Kg4 Kg6
60. Ba4 h5+ 61. Kg3 Kg5 62. h4+ Kf6 63. Bb3 Ke5 64. Bxc2 Bxc2 65. Kf3 Bh6 66.
Ng3 Kd4 0-1

[Event "29th Avoine Open 2014"]
[Site "Avoine FRA"]
[Date "2014.07.19"]
[Round "1.18"]
[White "Stephan, Victor"]
[Black "Mourgues, Jean-Marie"]
[Result "1/2-1/2"]
[WhiteTitle "FM"]
[WhiteElo "2341"]
[BlackElo "2019"]
[WhiteFideId "656666"]
[BlackFideId "616869"]
[EventDate "2014.07.19"]

1. d4 Nf6 2. c4 g6 3. Nc3 Bg7 4. e4 d6 5. Nf3 O-O 6. Be2 e5 7. dxe5 dxe5 8. Qxd8
Rxd8 9. Nd5 Nxd5 10. cxd5 c6 11. Bc4 cxd5 12. Bxd5 Nc6 13. Bg5 Re8 14. O-O-O Be6
15. Bxe6 Rxe6 16. Rd7 Rc8 17. Kb1 f6 18. Be3 b6 19. h4 Re7 20. Rd6 h5 21. g4
hxg4 22. Nh2 Kf7 23. Nxg4 Re6 24. Rd7+ Re7 25. Rd3 Rh8 26. f3 Nd8 27. Bf2 Ne6
28. Ne3 Nf4 29. Rd6 Rc8 30. Rhd1 Re6 31. Rd7+ Re7 32. a4 Rc7 33. Rxe7+ Kxe7 34.
Bg3 Rd7 35. Bxf4 Rxd1+ 36. Nxd1 exf4 37. Nc3 g5 38. h5 f5 39. h6 Bxh6 40. exf5
Kf6 41. Ne4+ Kxf5 42. Nf2 Bg7 43. Kc2 Bd4 44. Ng4 Ke6 45. b3 Kd5 46. Kd3 Bg7 47.
Nf2 Bf6 48. Ng4 1/2-1/2

[Event "29th Avoine Open 2014"]
[Site "Avoine FRA"]
[Date "2014.07.19"]
[Round "1.19"]
[White "Auvray, Juliette"]
[Black "Doluhanova, Evgeniya"]
[Result "0-1"]
[BlackTitle "WGM"]
[WhiteElo "2018"]
[BlackElo "2334"]
[WhiteFideId "695904"]
[BlackFideId "14112035"]
[EventDate "2014.07.19"]

1. e4 c5 2. Nf3 d6 3. d4 cxd4 4. Nxd4 Nf6 5. Nc3 a6 6. f3 e5 7. Nb3 Be6 8. Be3
Be7 9. Qd2 O-O 10. O-O-O a5 11. Bb5 Na6 12. g4 Nc7 13. g5 Nd7 14. Bxd7 Qxd7 15.
Nc5 Qc6 16. Nxe6 fxe6 17. g6 hxg6 18. Rhg1 Kf7 19. Qg2 Bf6 20. Qxg6+ Ke7 21. Qh7
Rf7 22. Rg6 Nb5 23. Nxb5 Qxb5 24. Qh3 Qe2 25. Bd2 Rc8 26. Qg2 Qc4 27. Bxa5 Qxa2
28. Bc3 Qa1+ 29. Kd2 Qa4 30. Kc1 b5 31. Kb1 Ra8 32. b3 Qa2+ 33. Kc1 Qa3+ 34. Bb2
Qc5 35. Rd3 b4 36. Kb1 Ra6 37. Qd2 Ke8 38. Qe3 Qa5 39. Rg1 Rfa7 40. Kc1 Qc7 41.
Rgd1 Ra8 42. Kb1 Qa5 43. Kc1 Qd8 44. Rg1 Ra2 45. c3 Rxb2 46. Kxb2 Qa5 47. Rb1
bxc3+ 48. Rxc3 d5 49. Qg1 d4 50. Rc4 d3 51. Qe3 Qa2+ 52. Kc1 Rd8 53. Qd2 Bg5 0-1

[Event "29th Avoine Open 2014"]
[Site "Avoine FRA"]
[Date "2014.07.19"]
[Round "1.20"]
[White "Kirk, Ezra"]
[Black "Julien, Jules-Alois"]
[Result "0-1"]
[WhiteTitle "FM"]
[WhiteElo "2308"]
[BlackElo "2013"]
[WhiteFideId "600067"]
[BlackFideId "20646577"]
[EventDate "2014.07.19"]

1. d4 Nf6 2. c4 c5 3. d5 d6 4. Nc3 g6 5. e4 Bg7 6. f4 O-O 7. Nf3 e5 8. dxe6 Bxe6
9. Bd3 Nc6 10. O-O Re8 11. h3 Qe7 12. f5 Bd7 13. Bg5 Nb4 14. a3 Nxd3 15. Nd5
Qxe4 16. Bxf6 Bxf5 17. Ng5 Qxc4 18. Ne7+ Rxe7 19. Bxe7 Re8 20. g4 Qd4+ 21. Kh1
Be4+ 0-1

[Event "29th Avoine Open 2014"]
[Site "Avoine FRA"]
[Date "2014.07.19"]
[Round "1.21"]
[White "Primel, Dominique"]
[Black "Perrin, Guillaume"]
[Result "0-1"]
[BlackTitle "FM"]
[WhiteElo "2011"]
[BlackElo "2294"]
[WhiteFideId "605956"]
[BlackFideId "616931"]
[EventDate "2014.07.19"]

1. Nf3 Nf6 2. c4 g6 3. Nc3 Bg7 4. e4 d6 5. d4 O-O 6. Be2 e5 7. O-O Na6 8. Be3
Ng4 9. Bg5 Qe8 10. h3 h6 11. Bc1 Nf6 12. dxe5 dxe5 13. Be3 Qe7 14. Nd5 Qd6 15.
c5 Nxc5 16. Bxc5 Qxc5 17. Rc1 Qd6 18. Nxc7 Qxd1 19. Rfxd1 Rb8 20. Bd3 Nh5 21.
Bc4 Nf4 22. Kh2 Kh7 23. Nb5 f5 24. exf5 Bxf5 25. Nd6 e4 26. Nxf5 gxf5 27. Nd4
Rbd8 28. Ne6 Nxe6 29. Bxe6 Be5+ 30. Kg1 Kg6 31. b3 Bf4 32. Rb1 Kf6 33. Bc4 Bd2
34. Kf1 f4 35. Ke2 Bc3 36. Bd5 Ke5 37. Bxb7 Bd4 38. Ba6 f3+ 39. gxf3 Rxf3 40.
Rxd4 Rxd4 41. Rh1 Rc3 0-1

[Event "29th Avoine Open 2014"]
[Site "Avoine FRA"]
[Date "2014.07.19"]
[Round "1.22"]
[White "Delorme, Alban"]
[Black "Nord, Antoine"]
[Result "1/2-1/2"]
[WhiteTitle "FM"]
[WhiteElo "2292"]
[BlackElo "2007"]
[WhiteFideId "623636"]
[BlackFideId "663204"]
[EventDate "2014.07.19"]

1. e4 c6 2. d4 d5 3. Nc3 dxe4 4. Nxe4 Bf5 5. Ng3 Bg6 6. f4 e6 7. Nf3 Nf6 8. Bd3
Be7 9. O-O O-O 10. f5 exf5 11. Nxf5 Bxf5 12. Bxf5 c5 13. Be3 cxd4 14. Nxd4 Bc5
15. Bf2 g6 16. Bg4 Ne4 17. Be3 Nc6 18. c3 Qb6 19. Qd3 Rfe8 20. Bd7 Ne5 21. Qxe4
Nxd7 22. Qf4 Qf6 23. Rad1 Qxf4 24. Bxf4 Re4 25. Bg3 f5 26. Bf2 Nf6 27. b4 Be7
28. Nb5 b6 29. a4 Kf7 30. Bd4 a5 31. Bxf6 Kxf6 32. Nc7 Rc8 33. Nd5+ Ke6 34. Nxb6
Rxc3 35. bxa5 Bc5+ 36. Kh1 Rb3 37. Rb1 Reb4 38. Rfe1+ Kf7 39. Rxb3 Rxb3 40. Nc4
Rc3 41. Ne5+ Kf6 42. g4 fxg4 43. Nd7+ Kf7 44. a6 Ba7 45. Ne5+ Kf8 46. Rd1 Ke8
47. Kg2 Rc5 48. Nxg4 Rc6 49. Re1+ Kd8 50. Re4 Rxa6 51. Ne5 Bb8 52. Nd3 Bd6 53.
Re6 Kc7 54. Re4 Rc6 55. h4 Rc3 56. Nf4 Bxf4 57. Rxf4 Ra3 58. Rf7+ 1/2-1/2

[Event "29th Avoine Open 2014"]
[Site "Avoine FRA"]
[Date "2014.07.19"]
[Round "1.23"]
[White "Bertrand, Eric"]
[Black "Bouget, Alexandre"]
[Result "0-1"]
[BlackTitle "FM"]
[WhiteElo "2005"]
[BlackElo "2287"]
[WhiteFideId "646130"]
[BlackFideId "681318"]
[EventDate "2014.07.19"]

1. e4 e5 2. Nf3 Nc6 3. d4 exd4 4. Bc4 Nf6 5. O-O Nxe4 6. Re1 d5 7. Bxd5 Qxd5 8.
Nc3 Qa5 9. Nxe4 Be6 10. Neg5 O-O-O 11. Nxe6 fxe6 12. Rxe6 Qd5 13. Qe2 h6 14. a3
Bd6 15. Qe4 Qxe4 16. Rxe4 Rhe8 17. Rxe8 Rxe8 18. Bd2 Be7 19. Re1 Rd8 20. Kf1 Bf6
21. b4 Rd5 22. Re4 a5 23. Ke2 axb4 24. axb4 b5 25. Ne1 Ne5 26. Nd3 Nc4 27. Nc5
Nd6 28. Re6 Kd8 29. Bxh6 Nf5 30. Bd2 d3+ 31. Kd1 dxc2+ 32. Kc1 Be7 33. Na6 Nd4
34. Bf4 Nxe6 0-1